000
00323nam a22001217a 4500
008
180522b xxu||||| |||| 00| 0 eng d
041
_a
eng
080
_a
043.3
100
_a
0
101
_a
SHKI-MTH
245
_a
Menaxhimi i Proçeseve të Printimit Optimizimi dhe Teknologjitë e Printimit
_c
Demiri, H
942
_2
udc
_c
BK
999
_c
46201
_d
46201